|
|
|
|
| LEADER |
00667cam a2200193 7i4500 |
| 001 |
0000028920 |
| 005 |
20130103090000.0 |
| 020 |
0 |
0 |
|a 9789834088484
|
| 090 |
0 |
0 |
|a M 338.7
|b SMA
|
| 110 |
2 |
0 |
|a Small and Medium Enterprises (SME)
|
| 245 |
2 |
0 |
|a SME Masterplan 2012 - 2020 :
|b catalysing growth and income.
|
| 260 |
0 |
0 |
|a Kuala Lumpur:
|b SME Corporation Malaysia,
|c 2012.
|
| 300 |
# |
# |
|a 127 p.
|
| 650 |
0 |
0 |
|a Small business --
|z Malaysia
|
| 650 |
0 |
0 |
|a SME masterplan --
|z Malaysia
|
| 650 |
0 |
0 |
|a Small and Medium - sized Enterprises (SME) --
|z Malaysia
|
| 650 |
0 |
0 |
|a SME Corporation --
|z Malaysia
|
| 651 |
0 |
0 |
|a Malaysia
|
| 999 |
|
|
|a 0000031372
|b Book
|c Malaysia
|e Business Information Centre
|